LEADER 01179oam 2200397 450 001 9910467097103321 005 20210512113327.0 010 $a1-4739-1690-9 035 $a(CKB)4100000011612794 035 $a(MiAaPQ)EBC6408505 035 $a(EXLCZ)994100000011612794 100 $a20210512d2015 uy 0 101 0 $aeng 135 $aurcnu|||||||| 181 $ctxt$2rdacontent 182 $cc$2rdamedia 183 $acr$2rdacarrier 200 10$aEffective medium-term planning for teaching /$fLee Jerome, Marcus Bhargava 210 1$aLos Angeles, California :$cSAGE,$d[2015] 210 4$d©2015 215 $a1 online resource (217 pages) $cillustrations 311 $a1-4462-7370-9 320 $aIncludes bibliographical references (pages [187]-192) and index. 606 $aLesson planning 608 $aElectronic books. 615 0$aLesson planning. 676 $a371.3028 700 $aJerome$b Lee$0974113 702 $aBhargava$b Marcus 801 0$bMiAaPQ 801 1$bMiAaPQ 801 2$bUtOrBLW 906 $aBOOK 912 $a9910467097103321 996 $aEffective medium-term planning for teaching$92443446 997 $aUNINA LEADER 00959nam a22002651i 4500 001 991000349649707536 005 20040818134419.0 008 040920s1994 it a ita 020 $a8886373074 035 $ab13208421-39ule_inst 035 $aARCHE-115466$9ExL 040 $aSet. Economia$bita$cA.t.i. Arché s.c.r.l. Pandora Sicilia s.r.l. 082 04$a657.833 245 00$a1993 :$bcento banche alla prova del nuovo bilancio /$ca cura di KPMG Peat Marwick 260 $aMilano :$bEDIBANK,$c1994 300 $a245 p. :$bill. ;$c26 cm 490 $aBanche & bilanci 650 4$aBanche$xBilancio 710 2 $aKPMG Peat Marwick 907 $a.b13208421$b29-05-19$c23-09-04 912 $a991000349649707536 945 $aLE025 ECO 657.8 KPM01.01$g1$i2025000166912$lle025$nCatalogato 2019$o-$pE0.00$q-$rl$s- $t0$u0$v0$w0$x0$y.i13863460$z23-09-04 996 $a1993$980078 997 $aUNISALENTO 998 $ale025$b23-09-04$cm$da $e-$fita$git $h0$i1